Duncan Macqueen; International Institute for Environment and Development,; Forest Connect (Organization); Forest and Farm Facility (Record no. 33461)
[ view plain ]
| 000 -LEADER | |
|---|---|
| fixed length control field | 00661nam a2200157 4500 |
| 003 - CONTROL NUMBER IDENTIFIER | |
| control field | OSt |
| 005 - DATE AND TIME OF LATEST TRANSACTION | |
| control field | 20220323101842.0 |
| 008 - FIXED-LENGTH DATA ELEMENTS--GENERAL INFORMATION | |
| fixed length control field | 220323b |||||||| |||| 00| 0 eng d |
| 020 ## - INTERNATIONAL STANDARD BOOK NUMBER | |
| International Standard Book Number | Prioritising support for locally controlled forest enterprises |
| 040 ## - CATALOGING SOURCE | |
| Transcribing agency | HU |
| 082 ## - DEWEY DECIMAL CLASSIFICATION NUMBER | |
| Classification number | 62705 PRI 2014 |
| 245 ## - TITLE STATEMENT | |
| Title | Duncan Macqueen; International Institute for Environment and Development,; Forest Connect (Organization); Forest and Farm Facility |
| 260 ## - PUBLICATION, DISTRIBUTION, ETC. | |
| Place of publication, distribution, etc. | London : |
| Name of publisher, distributor, etc. | International Institute for Environment and Development, |
| Date of publication, distribution, etc. | 2014 |
| 300 ## - PHYSICAL DESCRIPTION | |
| Extent | viii, 232 pages : illustrations (black and white, and colour), maps (colour) ; |
| Dimensions | 24 cm |
| Type of unit | PC |
| 942 ## - ADDED ENTRY ELEMENTS (KOHA) | |
| Source of classification or shelving scheme | Dewey Decimal Classification |
| Koha item type | Books like text book referance book |
| Suppress in OPAC | No |
| Withdrawn status | Lost status | Source of classification or shelving scheme | Damaged status | Not for loan | Collection code | Home library | Current library | Shelving location | Date acquired | Total Checkouts | Full call number | Barcode | Date last seen | Copy number | Price effective from | Koha item type |
|---|---|---|---|---|---|---|---|---|---|---|---|---|---|---|---|---|
| Dewey Decimal Classification | Non-fiction | Wondo Genet Library | Wondo Genet Library | General Stacks | 03/23/2022 | 62705 PRI 2014 | WGCFNRL00014722 | 03/23/2022 | 1 | 03/23/2022 | Books like text book referance book |